Pearson Education Ltd v The Charter Partnership Ltd (Record no. 78842)
[ view plain ]
| 000 -LEADER | |
|---|---|
| fixed length control field | 01635cab a22002175a 4500 |
| 001 - CONTROL NUMBER | |
| control field | L138363 |
| 008 - FIXED-LENGTH DATA ELEMENTS--GENERAL INFORMATION | |
| fixed length control field | 070531s20070526xxk f w 000 0 eng d |
| 035 ## - SYSTEM CONTROL NUMBER | |
| System control number | (Sirsi) u138363 |
| 041 0# - LANGUAGE CODE | |
| Language code of text/sound track or separate title | eng |
| 100 1# - MAIN ENTRY--PERSONAL NAME | |
| Personal name | Marshall, Hazel |
| 245 00 - TITLE STATEMENT | |
| Title | Pearson Education Ltd v The Charter Partnership Ltd |
| 260 ## - PUBLICATION, DISTRIBUTION, ETC. | |
| Date of publication, distribution, etc. | 2007 |
| 490 ## - SERIES STATEMENT | |
| Series statement | Estates Gazette |
| Volume/sequential designation | (0721) 26 May 2007, 132-139(8) |
| 520 ## - SUMMARY, ETC. | |
| Summary, etc. | [2007] EWCA Civ 130, 26 May 2007. P was the lessee of warehouse premises which flooded in 2002, resulting in damaged goods. C accepted that they had designed the warehouse?s drainage system with a capacity of 75mm per hour, when 150mm per hour was required. P's claim was upheld, and C appealed against this. C submitted that no duty of care arose due to an earlier flood in which the defect was likely to have been identified and rectified. C also submitted that the defect ceased to be latent following this inspection, breaking the chain of causation. Finally, C submitted that the 15-year limitation period had expired. "Held": The defect had not ceased to be latent upon discovery of it. A third party?s awareness of a defect does not imply that others should know about that defect, nor break the chain of causation. The claim was not time-barred C's mistake for this purpose was its latest negligent act, and not the original specification of drainage capacity. The appeal was dismissed. |
| 590 ## - LOCAL NOTE (RLIN) | |
| Local note | KA |
| 650 24 - SUBJECT ADDED ENTRY--TOPICAL TERM | |
| Topical term or geographic name entry element | PEARSON EDUCATION LTD V CHARTER PARTNERSHIP LTD |
| 650 24 - SUBJECT ADDED ENTRY--TOPICAL TERM | |
| Topical term or geographic name entry element | LIMITATION ACT 1980 S14B |
| 651 #4 - SUBJECT ADDED ENTRY--GEOGRAPHIC NAME | |
| Geographic name | England and Wales |
| Chronological subdivision | 1543- |
| 690 ## - LOCAL SUBJECT ADDED ENTRY--TOPICAL TERM (OCLC, RLIN) | |
| Topical term or geographic name as entry element | PROPERTY-COMMERCIAL PROPERTY-COMMERCIAL LANDLORD AND TENANT |
| 942 ## - ADDED ENTRY ELEMENTS (KOHA) | |
| Suppress in OPAC | 0 |
| Withdrawn status | Lost status | Source of classification or shelving scheme | Damaged status | Not for loan | Home library | Current library | Shelving location | Date acquired | Total Checkouts | Full call number | Barcode | Date last seen | Copy number | Price effective from | Koha item type |
|---|---|---|---|---|---|---|---|---|---|---|---|---|---|---|---|
| Dewey Decimal Classification | London | London | Journal article | 31/05/2007 | L138363 | 138363-1001 | 06/08/2019 | 1 | 06/08/2019 | Journal article |